[Event "WCO 2016"]
[Site "?"]
[Date "2016.09.11"]
[Round "9"]
[Board "15"]
[WhiteID "10609962"]
[White "Wafa Shahenda"]
[BlackID "22253025"]
[Black "Espinosa Cancino Monica"]
[Result "1-0"]
[BlackElo "1679"]
[WhiteElo "2113"]
[LiveChessVersion "1.4.8"]

1. e4 {[%clk 1:30:57]} c5 {[%clk 1:30:47]} 2. Nf3 {[%clk 1:31:20]} d6
{[%clk 1:31:09]} 3. Bb5+ {[%clk 1:31:42]} Bd7 {[%clk 1:31:13]} 4. Bxd7+
{[%clk 1:32:02]} Qxd7 {[%clk 1:31:27]} 5. O-O {[%clk 1:32:22]} Nc6
{[%clk 1:31:39]} 6. c3 {[%clk 1:32:30]} Nf6 {[%clk 1:29:16]} 7. d4
{[%clk 1:28:31]} cxd4 {[%clk 1:24:51]} 8. cxd4 {[%clk 1:28:56]} g6
{[%clk 1:15:37]} 9. Nc3 {[%clk 1:27:10]} Bg7 {[%clk 1:15:03]} 10. d5
{[%clk 1:24:55]} Ne5 {[%clk 1:02:02]} 11. Nxe5 {[%clk 1:20:43]} dxe5
{[%clk 1:02:20]} 12. Qe2 {[%clk 1:15:42]} O-O {[%clk 1:02:19]} 13. Rd1
{[%clk 1:14:03]} Ne8 {[%clk 1:00:11]} 14. Be3 {[%clk 1:13:08]} Nd6
{[%clk 0:58:54]} 15. f3 {[%clk 1:09:15]} Rfc8 {[%clk 0:54:58]} 16. Rac1
{[%clk 0:57:56]} a6 {[%clk 0:47:38]} 17. b3 {[%clk 0:57:10]} b5 {[%clk 0:46:57]}
18. Bg5 {[%clk 0:46:26]} h6 {[%clk 0:43:08]} 19. Be3 {[%clk 0:45:41]} Qb7
{[%clk 0:35:04]} 20. Qd2 {[%clk 0:43:52]} Kh7 {[%clk 0:30:48]} 21. Qf2
{[%clk 0:38:04]} Bf6 {[%clk 0:27:04]} 22. Qg3 {[%clk 0:35:40]} Qd7
{[%clk 0:25:11]} 23. Qe1 {[%clk 0:34:17]} Qd8 {[%clk 0:21:40]} 24. Bd2
{[%clk 0:28:11]} Qb6+ {[%clk 0:20:40]} 25. Kh1 {[%clk 0:28:01]} Nb7
{[%clk 0:18:58]} 26. f4 {[%clk 0:26:05]} Nd6 {[%clk 0:15:13]} 27. fxe5
{[%clk 0:22:45]} Bxe5 {[%clk 0:15:30]} 28. Qh4 {[%clk 0:22:59]} Bg7
{[%clk 0:15:01]} 29. Qxe7 {[%clk 0:21:30]} Re8 {[%clk 0:13:38]} 30. Qh4
{[%clk 0:21:13]} Qd8 {[%clk 0:11:50]} 31. Qxd8 {[%clk 0:13:34]} Raxd8
{[%clk 0:12:14]} 32. Rf1 {[%clk 0:12:18]} b4 {[%clk 0:09:40]} 33. Na4
{[%clk 0:12:19]} Rxe4 {[%clk 0:09:18]} 34. Nc5 {[%clk 0:07:47]} Rd4
{[%clk 0:08:58]} 35. Bf4 {[%clk 0:07:27]} Rxd5 {[%clk 0:08:06]} 36. Nxa6
{[%clk 0:07:48]} Rd4 {[%clk 0:06:04]} 37. Rcd1 {[%clk 0:06:11]} Nf5
{[%clk 0:04:14]} 38. Rxd4 {[%clk 0:06:17]} Rxd4 {[%clk 0:04:31]} 39. g4
{[%clk 0:05:13]} Ne7 {[%clk 0:02:44]} 40. Be3 {[%clk 0:32:55]} Rxg4
{[%clk 0:30:59]} 41. Rxf7 {[%clk 0:30:25]} Nd5 {[%clk 0:25:25]} 42. Bc5
{[%clk 0:30:14]} Kg8 {[%clk 0:22:07]} 43. Rd7 {[%clk 0:29:58]} Nc3
{[%clk 0:15:55]} 44. Nxb4 {[%clk 0:27:50]} Ne4 {[%clk 0:15:35]} 45. Be3
{[%clk 0:25:29]} Nc3 {[%clk 0:14:38]} 46. Nd5 {[%clk 0:21:35]} Ne2
{[%clk 0:09:21]} 47. h3 {[%clk 0:19:18]} Rg3 {[%clk 0:08:30]} 48. a4
{[%clk 0:15:07]} Nc3 {[%clk 0:05:52]} 49. Kh2 {[%clk 0:11:50]} Be5
{[%clk 0:04:00]} 50. Nf6+ {[%clk 0:12:11]} Kh8 {[%clk 0:03:22]} 51. Rh7#
{[%clk 0:12:34]} 1-0

[Event "WCO 2016"]
[Site "?"]
[Date "2016.09.11"]
[Round "9"]
[Board "16"]
[WhiteID "2404117"]
[White "Rutherford Kathleen"]
[BlackID "10606700"]
[Black "Elansary Eman"]
[Result "1-0"]
[BlackElo "1949"]
[WhiteElo "1643"]
[LiveChessVersion "1.4.8"]

1. e4 {[%clk 1:30:56]} Nf6 {[%clk 1:30:48]} 2. e5 {[%clk 1:31:12]} Nd5
{[%clk 1:31:11]} 3. d4 {[%clk 1:31:29]} d6 {[%clk 1:31:29]} 4. c4
{[%clk 1:31:51]} Nb6 {[%clk 1:31:52]} 5. exd6 {[%clk 1:32:14]} cxd6
{[%clk 1:32:11]} 6. Nc3 {[%clk 1:32:36]} g6 {[%clk 1:32:13]} 7. Be3
{[%clk 1:32:56]} Bg7 {[%clk 1:32:31]} 8. Rc1 {[%clk 1:33:16]} O-O
{[%clk 1:30:48]} 9. b3 {[%clk 1:33:31]} Nc6 {[%clk 1:30:44]} 10. d5
{[%clk 1:33:48]} Nb4 {[%clk 1:23:03]} 11. a3 {[%clk 1:30:36]} Na6
{[%clk 1:22:52]} 12. Nf3 {[%clk 1:28:08]} Bd7 {[%clk 1:20:05]} 13. Be2
{[%clk 1:27:39]} Nc5 {[%clk 1:19:21]} 14. O-O {[%clk 1:21:19]} Rc8
{[%clk 1:12:23]} 15. Nd4 {[%clk 1:17:35]} a6 {[%clk 1:05:27]} 16. f4
{[%clk 1:10:55]} e5 {[%clk 0:58:12]} 17. fxe5 {[%clk 1:08:39]} Bxe5
{[%clk 0:52:57]} 18. Nf3 {[%clk 1:04:12]} f6 {[%clk 0:45:44]} 19. Nxe5
{[%clk 1:01:43]} fxe5 {[%clk 0:45:58]} 20. b4 {[%clk 0:59:23]} Nca4
{[%clk 0:45:21]} 21. Ne4 {[%clk 0:58:34]} Nb2 {[%clk 0:42:33]} 22. Rxf8+
{[%clk 0:55:38]} Qxf8 {[%clk 0:38:59]} 23. Qb3 {[%clk 0:54:50]} N2xc4
{[%clk 0:33:56]} 24. Bxc4 {[%clk 0:51:21]} Nxc4 {[%clk 0:21:34]} 25. Rxc4
{[%clk 0:51:27]} Rxc4 {[%clk 0:22:23]} 26. Qxc4 {[%clk 0:51:30]} Bb5
{[%clk 0:22:45]} 27. Qc1 {[%clk 0:51:36]} Bd3 {[%clk 0:22:56]} 28. Bh6
{[%clk 0:46:50]} Qd8 {[%clk 0:20:04]} 29. Qe3 {[%clk 0:43:46]} Bc4
{[%clk 0:17:09]} 30. Qf3 {[%clk 0:38:45]} Qb6+ {[%clk 0:12:33]} 31. Kh1
{[%clk 0:33:34]} Qd8 {[%clk 0:12:40]} 32. Qf6 {[%clk 0:25:13]} Qxf6
{[%clk 0:13:00]} 33. Nxf6+ {[%clk 0:25:38]} Kf7 {[%clk 0:13:25]} 34. Ne4
{[%clk 0:21:11]} Bxd5 {[%clk 0:13:01]} 35. Nxd6+ {[%clk 0:20:42]} Ke6
{[%clk 0:11:06]} 36. Nc8 {[%clk 0:20:25]} b5 {[%clk 0:09:44]} 37. Kg1
{[%clk 0:18:45]} Bb7 {[%clk 0:08:28]} 38. Nb6 {[%clk 0:18:51]} Bc6
{[%clk 0:06:30]} 39. Kf2 {[%clk 0:18:28]} Kf5 {[%clk 0:06:41]} 40. Nc8
{[%clk 0:46:08]} Ke4 {[%clk 0:32:18]} 41. Ne7 {[%clk 0:43:44]} Bd7
{[%clk 0:32:18]} 42. Ng8 {[%clk 0:43:05]} Kf5 {[%clk 0:26:41]} 43. Be3
{[%clk 0:43:00]} Be6 {[%clk 0:21:15]} 44. Nh6+ {[%clk 0:42:20]} Ke4
{[%clk 0:19:50]} 45. Ke2 {[%clk 0:41:34]} Bc4+ {[%clk 0:19:22]} 46. Kd2
{[%clk 0:41:33]} Be6 {[%clk 0:19:07]} 47. h3 {[%clk 0:37:50]} Bd5
{[%clk 0:16:54]} 48. Ng4 {[%clk 0:34:11]} Kf5 {[%clk 0:17:16]} 49. Bf2
{[%clk 0:30:51]} Kf4 {[%clk 0:16:17]} 50. g3+ {[%clk 0:26:37]} Kf3
{[%clk 0:15:41]} 51. Be1 {[%clk 0:25:45]} e4 {[%clk 0:12:22]} 52. Ne5+
{[%clk 0:21:42]} Kg2 {[%clk 0:12:43]} 53. h4 {[%clk 0:21:05]} Kf1
{[%clk 0:08:31]} 54. Ng4 {[%clk 0:19:08]} Be6 {[%clk 0:06:54]} 55. Ne3+
{[%clk 0:16:54]} Kg1 {[%clk 0:07:17]} 56. Ke2 {[%clk 0:16:13]} h5
{[%clk 0:06:48]} 57. Nc2 {[%clk 0:15:41]} Bg4+ {[%clk 0:03:40]} 58. Ke3
{[%clk 0:13:35]} Kf1 {[%clk 0:03:51]} 59. Bc3 {[%clk 0:13:13]} Kg2
{[%clk 0:02:56]} 60. Be5 {[%clk 0:13:26]} Bf3 {[%clk 0:02:43]} 61. Ne1+
{[%clk 0:13:03]} 1-0

[Event "WCO 2016"]
[Site "?"]
[Date "2016.09.11"]
[Round "9"]
[Board "13"]
[WhiteID "929239"]
[White "Dimitrijevic Aleksandra"]
[BlackID "2204185"]
[Black "Calzetta Ruiz Monica"]
[Result "0-1"]
[BlackElo "2249"]
[WhiteElo "2254"]
[LiveChessVersion "1.4.8"]

1. Nf3 {[%clk 1:30:55]} g6 {[%clk 1:30:20]} 2. d4 {[%clk 1:27:42]} Nf6
{[%clk 1:29:59]} 3. c4 {[%clk 1:25:28]} Bg7 {[%clk 1:30:15]} 4. e3
{[%clk 1:24:25]} O-O {[%clk 1:30:19]} 5. Be2 {[%clk 1:23:35]} d6 {[%clk 1:30:07]}
6. O-O {[%clk 1:22:47]} Nbd7 {[%clk 1:30:06]} 7. Nc3 {[%clk 1:23:03]} e5
{[%clk 1:30:22]} 8. Qc2 {[%clk 1:21:51]} Re8 {[%clk 1:30:35]} 9. dxe5
{[%clk 1:18:56]} dxe5 {[%clk 1:30:21]} 10. Rd1 {[%clk 1:11:17]} c6
{[%clk 1:18:11]} 11. b3 {[%clk 0:56:55]} Qa5 {[%clk 1:15:33]} 12. Rb1
{[%clk 0:39:41]} e4 {[%clk 0:49:39]} 13. b4 {[%clk 0:39:38]} Qf5 {[%clk 0:42:18]}
14. Nd4 {[%clk 0:37:26]} Qg5 {[%clk 0:41:46]} 15. f4 {[%clk 0:30:09]} exf3
{[%clk 0:39:30]} 16. Nxf3 {[%clk 0:30:15]} Qh5 {[%clk 0:32:17]} 17. e4
{[%clk 0:23:44]} Ne5 {[%clk 0:31:27]} 18. Bf4 {[%clk 0:23:15]} Nxf3+
{[%clk 0:29:59]} 19. Bxf3 {[%clk 0:21:58]} Bg4 {[%clk 0:30:22]} 20. e5
{[%clk 0:19:54]} Bxf3 {[%clk 0:29:58]} 21. gxf3 {[%clk 0:20:11]} Qxf3
{[%clk 0:20:03]} 22. exf6 {[%clk 0:18:59]} Bxf6 {[%clk 0:20:11]} 23. Rd3
{[%clk 0:16:33]} Qxf4 {[%clk 0:20:10]} 24. Rf1 {[%clk 0:16:57]} Bd4+
{[%clk 0:19:28]} 25. Kg2 {[%clk 0:16:55]} Qe5 {[%clk 0:18:22]} 26. Qb3
{[%clk 0:15:21]} Bxc3 {[%clk 0:14:42]} 27. Rxc3 {[%clk 0:15:46]} Rad8
{[%clk 0:15:00]} 28. Rf2 {[%clk 0:16:02]} Qe4+ {[%clk 0:14:51]} 29. Rcf3
{[%clk 0:16:26]} Re5 {[%clk 0:14:02]} 30. c5 {[%clk 0:16:30]} Rf5
{[%clk 0:13:07]} 31. a3 {[%clk 0:16:33]} Rdd5 {[%clk 0:12:49]} 32. Kf1
{[%clk 0:16:26]} Rxf3 {[%clk 0:11:49]} 33. Rxf3 {[%clk 0:16:52]} Qxf3+
{[%clk 0:08:50]} 34. Qxf3 {[%clk 0:17:18]} Rf5 {[%clk 0:09:12]} 0-1

[Event "WCO 2016"]
[Site "?"]
[Date "2016.09.11"]
[Round "9"]
[Board "14"]
[WhiteID "2219026"]
[White "Vega Gutierrez Sabrina"]
[BlackID "14400839"]
[Black "Boric Elena"]
[Result "1/2-1/2"]
[BlackElo "2216"]
[WhiteElo "2411"]
[LiveChessVersion "1.4.8"]

1. d4 {[%clk 1:30:53]} f5 {[%clk 1:30:45]} 2. Nf3 {[%clk 1:31:11]} Nf6
{[%clk 1:31:06]} 3. g3 {[%clk 1:31:28]} g6 {[%clk 1:31:19]} 4. Bg2
{[%clk 1:31:48]} Bg7 {[%clk 1:31:42]} 5. O-O {[%clk 1:31:53]} O-O
{[%clk 1:31:44]} 6. c4 {[%clk 1:31:53]} d6 {[%clk 1:31:44]} 7. Nc3
{[%clk 1:31:58]} Nc6 {[%clk 1:31:09]} 8. d5 {[%clk 1:32:03]} Na5 {[%clk 1:30:25]}
9. b3 {[%clk 1:31:59]} Ne4 {[%clk 1:29:06]} 10. Nxe4 {[%clk 1:32:17]} Bxa1
{[%clk 1:28:24]} 11. Neg5 {[%clk 1:32:37]} Bf6 {[%clk 1:23:03]} 12. Qd2
{[%clk 1:31:25]} c5 {[%clk 1:21:31]} 13. Nxh7 {[%clk 1:30:02]} Rf7
{[%clk 1:20:39]} 14. Nxf6+ {[%clk 1:08:55]} exf6 {[%clk 1:19:46]} 15. Qh6
{[%clk 1:03:15]} Rg7 {[%clk 1:18:45]} 16. Bb2 {[%clk 1:03:14]} Qf8
{[%clk 1:15:13]} 17. e4 {[%clk 0:58:31]} Qf7 {[%clk 1:05:23]} 18. Nh4
{[%clk 0:40:56]} Bd7 {[%clk 0:51:37]} 19. exf5 {[%clk 0:37:26]} g5
{[%clk 0:50:48]} 20. Bxf6 {[%clk 0:37:50]} gxh4 {[%clk 0:50:20]} 21. Bxg7
{[%clk 0:38:15]} Qxg7 {[%clk 0:50:17]} 22. Qxd6 {[%clk 0:32:49]} Bxf5
{[%clk 0:50:02]} 23. Qxc5 {[%clk 0:30:53]} h3 {[%clk 0:49:54]} 24. Bh1
{[%clk 0:29:45]} b6 {[%clk 0:46:37]} 25. Qe3 {[%clk 0:29:41]} Nb7
{[%clk 0:41:35]} 26. d6 {[%clk 0:27:23]} Rf8 {[%clk 0:40:32]} 27. Bd5+
{[%clk 0:26:27]} Kh8 {[%clk 0:39:47]} 28. Qe7 {[%clk 0:20:23]} Nc5
{[%clk 0:35:50]} 29. Re1 {[%clk 0:19:39]} Nd3 {[%clk 0:31:53]} 30. Qxg7+
{[%clk 0:19:19]} Kxg7 {[%clk 0:32:22]} 31. Re7+ {[%clk 0:19:38]} Kf6
{[%clk 0:30:06]} 32. Rxa7 {[%clk 0:08:08]} Rd8 {[%clk 0:23:43]} 33. a4
{[%clk 0:00:39]} Rxd6 {[%clk 0:23:39]} 34. a5 {[%clk 0:01:05]} bxa5
{[%clk 0:23:10]} 35. Rxa5 {[%clk 0:01:33]} Nb4 {[%clk 0:20:02]} 36. f3
{[%clk 0:02:00]} Nxd5 {[%clk 0:19:28]} 37. Rxd5 {[%clk 0:00:34]} Rxd5
{[%clk 0:07:18]} 38. cxd5 {[%clk 0:01:02]} Ke5 {[%clk 0:07:34]} 39. Kf2
{[%clk 0:01:21]} Bc2 {[%clk 0:06:02]} 40. b4 {[%clk 0:31:49]} Kxd5
{[%clk 0:32:29]} 41. g4 {[%clk 0:31:10]} Kc4 {[%clk 0:28:17]} 42. Kg3
{[%clk 0:29:15]} Kxb4 {[%clk 0:28:39]} 43. Kxh3 {[%clk 0:29:37]} Kc5
{[%clk 0:28:56]} 44. Kh4 {[%clk 0:24:25]} Kd6 {[%clk 0:28:36]} 45. Kg5
{[%clk 0:24:48]} Ke7 {[%clk 0:28:43]} 46. f4 {[%clk 0:20:40]} Bd1
{[%clk 0:27:13]} 47. h3 {[%clk 0:14:40]} Kf7 {[%clk 0:27:12]} 48. Kf5
{[%clk 0:15:08]} Be2 {[%clk 0:23:43]} 49. Ke5 {[%clk 0:12:31]} Bf1
{[%clk 0:22:23]} 50. h4 {[%clk 0:12:59]} Bh3 {[%clk 0:20:42]} 51. g5
{[%clk 0:07:20]} Kg6 {[%clk 0:20:08]} 52. h5+ {[%clk 0:07:22]} Kxh5
{[%clk 0:16:54]} 53. Kf6 {[%clk 0:07:49]} Bf1 {[%clk 0:16:09]} 54. g6
{[%clk 0:06:09]} Kh6 {[%clk 0:13:25]} 55. g7 {[%clk 0:04:52]} Bc4
{[%clk 0:13:20]} 1/2-1/2

[Event "WCO 2016"]
[Site "?"]
[Date "2016.09.11"]
[Round "9"]
[Board "15"]
[WhiteID "14400081"]
[White "Dengler Dijana"]
[BlackID "13601377"]
[Black "Matnadze Ana"]
[Result "0-1"]
[BlackElo "2383"]
[WhiteElo "2047"]
[LiveChessVersion "1.4.8"]

1. d4 {[%clk 1:30:54]} Nf6 {[%clk 1:30:55]} 2. Nf3 {[%clk 1:31:15]} b6
{[%clk 1:31:19]} 3. Bf4 {[%clk 1:29:43]} Bb7 {[%clk 1:31:44]} 4. h3
{[%clk 1:28:49]} g6 {[%clk 1:31:43]} 5. e3 {[%clk 1:28:49]} Bg7 {[%clk 1:32:07]}
6. Bd3 {[%clk 1:28:54]} d6 {[%clk 1:31:31]} 7. Nbd2 {[%clk 1:27:37]} Nbd7
{[%clk 1:31:33]} 8. c3 {[%clk 1:23:23]} O-O {[%clk 1:26:16]} 9. O-O
{[%clk 1:23:33]} Re8 {[%clk 1:21:35]} 10. e4 {[%clk 1:13:54]} e5 {[%clk 1:18:47]}
11. Bg5 {[%clk 1:11:34]} h6 {[%clk 1:18:58]} 12. Bxf6 {[%clk 1:08:12]} Nxf6
{[%clk 1:15:51]} 13. Re1 {[%clk 1:03:19]} Nh5 {[%clk 1:12:01]} 14. g3
{[%clk 0:57:08]} exd4 {[%clk 0:53:23]} 15. Nxd4 {[%clk 0:46:25]} c5
{[%clk 0:49:44]} 16. Nf5 {[%clk 0:44:39]} Bf8 {[%clk 0:41:49]} 17. Ne3
{[%clk 0:39:49]} Qd7 {[%clk 0:41:01]} 18. Kh2 {[%clk 0:36:52]} Nf6
{[%clk 0:40:56]} 19. Qf3 {[%clk 0:32:49]} Bg7 {[%clk 0:38:44]} 20. Nd5
{[%clk 0:33:08]} Nxd5 {[%clk 0:38:44]} 21. exd5 {[%clk 0:20:31]} b5
{[%clk 0:30:36]} 22. Rad1 {[%clk 0:20:37]} c4 {[%clk 0:29:30]} 23. Bf1
{[%clk 0:20:01]} f5 {[%clk 0:29:04]} 24. Bg2 {[%clk 0:16:08]} Re5
{[%clk 0:27:01]} 25. Nf1 Rf8 26. b3 {[%clk 0:13:42]} f4 {[%clk 0:22:59]} 27. g4
{[%clk 0:13:09]} cxb3 {[%clk 0:18:09]} 28. axb3 {[%clk 0:13:27]} Qc7
{[%clk 0:15:57]} 29. Rxe5 {[%clk 0:11:07]} Bxe5 {[%clk 0:16:18]} 30. Rd3
{[%clk 0:11:18]} a5 {[%clk 0:15:11]} 31. Kg1 {[%clk 0:11:29]} Qg7
{[%clk 0:14:42]} 32. Qe4 {[%clk 0:10:35]} Bc8 {[%clk 0:12:14]} 33. c4
{[%clk 0:09:27]} Bd7 {[%clk 0:10:34]} 34. Bf3 {[%clk 0:06:22]} Bf5
{[%clk 0:09:59]} 35. Qe2 {[%clk 0:06:27]} Bxd3 {[%clk 0:08:38]} 36. Qxd3
{[%clk 0:06:56]} a4 {[%clk 0:08:28]} 37. bxa4 {[%clk 0:05:25]} bxa4
{[%clk 0:08:45]} 38. Qa3 {[%clk 0:05:35]} Ra8 {[%clk 0:07:08]} 39. Nd2
{[%clk 0:04:49]} Qc7 {[%clk 0:05:45]} 40. Be4 {[%clk 0:34:29]} Qc5
{[%clk 0:35:06]} 41. Qa2 {[%clk 0:33:05]} Qd4 {[%clk 0:35:03]} 42. Bxg6
{[%clk 0:30:00]} Qb2 {[%clk 0:35:08]} 43. Qxb2 Bxb2 {[%clk 0:35:16]} 44. Bb1
{[%clk 0:24:51]} Bd4 {[%clk 0:33:52]} 45. c5 {[%clk 0:21:03]} Bxc5
{[%clk 0:33:34]} 46. Ba2 {[%clk 0:10:29]} Rb8 {[%clk 0:33:21]} 47. Nc4
{[%clk 0:10:50]} Re8 {[%clk 0:32:36]} 0-1

[Event "WCO 2016"]
[Site "?"]
[Date "2016.09.11"]
[Round "9"]
[Board "16"]
[WhiteID "22200371"]
[White "Aranaz Murillo Amalia"]
[BlackID "14401550"]
[Black "Mahmutbegovic Nadina"]
[Result "1-0"]
[BlackElo "1908"]
[WhiteElo "2279"]
[LiveChessVersion "1.4.8"]

1. Nf3 {[%clk 1:30:56]} Nf6 {[%clk 1:30:53]} 2. c4 {[%clk 1:31:21]} b6
{[%clk 1:30:48]} 3. g3 {[%clk 1:31:45]} Bb7 {[%clk 1:31:13]} 4. Bg2
{[%clk 1:32:11]} g6 {[%clk 1:31:36]} 5. O-O {[%clk 1:32:09]} Bg7 {[%clk 1:31:44]}
6. d4 {[%clk 1:30:50]} O-O {[%clk 1:32:02]} 7. b3 {[%clk 1:29:58]} d6
{[%clk 1:27:23]} 8. Bb2 {[%clk 1:26:12]} Nbd7 {[%clk 1:26:26]} 9. Nc3
{[%clk 1:24:07]} Ne4 {[%clk 1:25:04]} 10. Qc2 {[%clk 1:21:33]} Nxc3
{[%clk 1:23:01]} 11. Bxc3 {[%clk 1:21:57]} Nf6 {[%clk 1:20:58]} 12. Bb2
{[%clk 1:17:22]} Be4 {[%clk 1:14:57]} 13. Qd2 {[%clk 1:17:27]} c5
{[%clk 1:13:34]} 14. Rfd1 {[%clk 1:16:23]} Qc7 {[%clk 1:10:41]} 15. Rac1
{[%clk 1:11:59]} Rab8 {[%clk 1:07:05]} 16. Qe3 {[%clk 1:10:00]} Qb7
{[%clk 0:58:31]} 17. Bh3 {[%clk 1:02:30]} Bxf3 {[%clk 0:39:40]} 18. exf3
{[%clk 1:02:50]} Rfe8 {[%clk 0:37:58]} 19. f4 {[%clk 1:01:17]} Rbd8
{[%clk 0:25:21]} 20. Bg2 {[%clk 0:57:25]} Qc8 {[%clk 0:24:21]} 21. Qe2
{[%clk 0:56:53]} Nh5 {[%clk 0:19:05]} 22. Bf3 {[%clk 0:56:34]} Nf6
{[%clk 0:18:52]} 23. Rd2 {[%clk 0:49:43]} Nd7 {[%clk 0:15:15]} 24. Qd1
{[%clk 0:44:28]} Bxd4 {[%clk 0:13:53]} 25. Bxd4 {[%clk 0:44:35]} cxd4
{[%clk 0:14:20]} 26. Rxd4 {[%clk 0:44:50]} Nf6 {[%clk 0:13:45]} 27. Rc2
{[%clk 0:43:40]} Rd7 {[%clk 0:13:49]} 28. h4 {[%clk 0:41:16]} e5 {[%clk 0:12:22]}
29. fxe5 {[%clk 0:40:06]} dxe5 {[%clk 0:12:40]} 30. Rxd7 {[%clk 0:40:03]} Qxd7
{[%clk 0:11:51]} 31. Qxd7 {[%clk 0:36:43]} Nxd7 {[%clk 0:12:16]} 32. Bc6
{[%clk 0:35:07]} Re7 {[%clk 0:12:41]} 33. Rd2 {[%clk 0:35:30]} Nf6
{[%clk 0:12:50]} 34. Rd6 {[%clk 0:31:24]} Kg7 {[%clk 0:07:39]} 35. Kf1
{[%clk 0:30:54]} Re6 {[%clk 0:07:02]} 36. Rxe6 {[%clk 0:30:35]} fxe6
{[%clk 0:07:27]} 37. Ke2 {[%clk 0:23:08]} Kf7 {[%clk 0:07:30]} 38. Kd3
{[%clk 0:22:15]} Ke7 {[%clk 0:07:34]} 39. Be4 {[%clk 0:21:09]} Kd6
{[%clk 0:04:03]} 40. b4 {[%clk 0:51:32]} Ng4 {[%clk 0:30:55]} 41. f3
{[%clk 0:45:56]} Nf6 {[%clk 0:28:16]} 42. g4 {[%clk 0:45:55]} a5 {[%clk 0:19:35]}
43. Kc3 {[%clk 0:44:15]} Nd7 {[%clk 0:17:10]} 44. c5+ {[%clk 0:42:43]} bxc5
{[%clk 0:11:48]} 45. bxa5 {[%clk 0:43:06]} 1-0

[Event "WCO 2016"]
[Site "?"]
[Date "2016.09.11"]
[Round "9"]
[Board "17"]
[WhiteID "4001249"]
[White "Steil-Antoni Fiona"]
[BlackID "1700030"]
[Black "Cramling Pia"]
[Result "0-1"]
[BlackElo "2444"]
[WhiteElo "2159"]
[LiveChessVersion "1.4.8"]

1. e4 {[%clk 1:30:57]} c5 {[%clk 1:30:50]} 2. c3 {[%clk 1:31:21]} d5
{[%clk 1:30:46]} 3. exd5 {[%clk 1:31:40]} Qxd5 {[%clk 1:31:08]} 4. d4
{[%clk 1:31:53]} Nc6 {[%clk 1:31:07]} 5. Nf3 {[%clk 1:31:43]} Nf6
{[%clk 1:30:18]} 6. dxc5 {[%clk 1:27:39]} Qxd1+ {[%clk 1:29:06]} 7. Kxd1
{[%clk 1:28:06]} e5 {[%clk 1:29:17]} 8. b4 {[%clk 1:22:11]} Bf5 {[%clk 1:28:56]}
9. Be3 {[%clk 1:19:01]} Nd5 {[%clk 1:28:54]} 10. Bc4 {[%clk 1:16:04]} O-O-O
{[%clk 1:27:31]} 11. Ke2 {[%clk 1:10:38]} Be7 {[%clk 1:17:56]} 12. Rc1
{[%clk 0:54:42]} Bf6 {[%clk 0:49:21]} 13. a3 {[%clk 0:47:45]} Rd7
{[%clk 0:41:44]} 14. Ne1 {[%clk 0:39:24]} Rhd8 {[%clk 0:36:40]} 15. Bxd5
{[%clk 0:32:40]} Rxd5 {[%clk 0:36:55]} 16. Nd2 {[%clk 0:31:38]} Be7
{[%clk 0:31:11]} 17. f3 {[%clk 0:17:36]} Be6 {[%clk 0:30:39]} 18. a4
{[%clk 0:17:06]} f5 {[%clk 0:25:17]} 19. Rc2 {[%clk 0:17:17]} Bf6
{[%clk 0:17:56]} 20. a5 {[%clk 0:11:01]} Nd4+ {[%clk 0:14:55]} 21. cxd4
{[%clk 0:10:25]} exd4 {[%clk 0:15:17]} 22. Ra3 {[%clk 0:08:51]} dxe3
{[%clk 0:13:17]} 23. Rxe3 {[%clk 0:05:09]} Bd7 {[%clk 0:12:59]} 24. Nc4
{[%clk 0:04:43]} Bb5 {[%clk 0:12:17]} 25. Nd3 {[%clk 0:04:15]} f4
{[%clk 0:09:19]} 26. Nd6+ {[%clk 0:01:14]} Kb8 {[%clk 0:09:26]} 27. Nxb5
{[%clk 0:01:06]} fxe3 {[%clk 0:09:42]} 28. Nd6 {[%clk 0:01:14]} Be7
{[%clk 0:08:28]} 29. Kxe3 {[%clk 0:01:00]} Bxd6 {[%clk 0:08:12]} 30. cxd6
{[%clk 0:01:29]} R8xd6 {[%clk 0:07:35]} 31. Nc5 {[%clk 0:00:52]} Rd4
{[%clk 0:05:18]} 32. Rb2 {[%clk 0:00:57]} Rc4 {[%clk 0:04:15]} 33. Ne4
{[%clk 0:00:39]} Rh6 {[%clk 0:02:18]} 34. h3 {[%clk 0:00:55]} Kc7
{[%clk 0:02:20]} 35. Kd3 {[%clk 0:00:57]} Rc1 {[%clk 0:02:33]} 36. Kd2
{[%clk 0:00:57]} Rg1 {[%clk 0:02:10]} 37. Ke3 {[%clk 0:00:59]} a6
{[%clk 0:02:06]} 38. Rc2+ {[%clk 0:00:56]} Rc6 {[%clk 0:02:20]} 39. Nc5
{[%clk 0:01:02]} Kb8 {[%clk 0:01:25]} 40. Rd2 {[%clk 0:31:02]} Rb1
{[%clk 0:31:10]} 41. Rd4 {[%clk 0:27:12]} Rg6 {[%clk 0:22:14]} 42. g4
{[%clk 0:19:19]} Rh6 {[%clk 0:22:02]} 43. Nd7+ {[%clk 0:10:23]} Kc7
{[%clk 0:21:23]} 44. Ne5 {[%clk 0:06:19]} Re1+ {[%clk 0:21:38]} 0-1